Lola Mora : la pasión de la forma /

"Cada uno ve en la obra de arte lo que de antemano está en su espíritu; el ángel o el demonio están siempre combatiendo en la mirada del hombre". Estas palabras son de Lola Mora, mujer que supo forjarse un camino dentro de una actividad artística poco común para la época en que vivió: naci...

Descripción completa

Guardado en:
Autor Principal: Delgado, Josefina.
Formato: Libro
Idioma:Undetermined
Publicado: Buenos Aires : Aguilar, 2006.
Edición:1a ed.
Series:Protagonistas de la cultura argentina
Materias:
Etiquetas: Agregar Etiqueta
Sin Etiquetas, Sea el primero en etiquetar este registro!
LEADER 02592nam a22002175a 4500
001 CEM.cems020704
008 231128s2006####ag############000#0#und#d
005 20231128161340.0
245 1 0 |a Lola Mora :  |b la pasión de la forma /  |c Josefina Delgado. 
250 |a 1a ed. 
260 |a Buenos Aires :  |b Aguilar,  |c 2006. 
300 |a 144 p. 
490 1 |a Protagonistas de la cultura argentina 
520 |a "Cada uno ve en la obra de arte lo que de antemano está en su espíritu; el ángel o el demonio están siempre combatiendo en la mirada del hombre". Estas palabras son de Lola Mora, mujer que supo forjarse un camino dentro de una actividad artística poco común para la época en que vivió: nació en 1867 y se dedicó a la escultura. Viajó a Italia becada por el gobierno nacional y allí realizó la mayoría de sus obras, a las que solía acompañar para vigilar de cerca su instalación. La célebre Fuente de las Nereidas, hoy declarada Monumento Nacional, es su obra más atrevida, y probablemente la que despertó más resistencias. Vivió décadas en las que la admiración y la fama se colocaron en el centro de la vida social y cultural argentina e italiana. Luego el olvido de sus contemporáneos la obligó a buscar otros caminos. 
505 0 |a En busca de la forma (Las versiones sobre su nacimiento -- La familia Mora Vega -- Falcucci, el primer maestro -- Un hábil obsequio -- Europa) -- En la cuna de Occidente (Con los mejores maestros -- Hacia la escultura -- Las primeras esculturas -- Exclusivas relaciones -- Primeros trabajos para la Argentina) -- 1903: el lanzamiento (La Fuente de las Nereidas -- Buenas noticias, nuevos trabajos -- El taller de Via Dogali) -- El camino de la fama (Por la patria -- Mirar al sol -- Consagración en Tucumán -- Condena de las mujeres anarquistas -- En lo más alto) -- Primeros altibajos (Un taller en el Congreso -- Ataque al Del Valle -- Un fracaso tras otro -- Nuevos triunfos y un marido) -- El eclipse (El monumento a Avellaneda -- Agresiones desde el Congreso -- Irremisiblemente sola -- Dos finales: la vida en Roma y el matrimonio -- Otro malogrado monumento -- Las Nereidas, a Costanera Sur) -- El final (El sueño del petróleo -- Regreso a Buenos Aires -- Vagando por la ciudad -- La visita de Hernández Otero -- La muerte -- Rescate de la prensa -- Sus restos) -- Lo que nos deja -- Cronología -- Bibliografía 
020 |a 9870404987 
100 1 |a Delgado, Josefina. 
653 |a Biografía 
653 |a Cultura argentina 
653 |a Arte argentino 
859 |a CEMS  |b BIB. CEMS - 11 de abril  |h 928  |i D378-2  |p 29815.23  |t Ej. 1